[Event "Titled Tuesday intern op 16th June"]
[Site "Chess.com INT"]
[Date "2020.06.16"]
[Round "10"]
[White "Svane, Rasmus"]
[Black "Zhigalko, Sergei"]
[Result "1-0"]
[WhiteElo "2613"]
[BlackElo "2572"]
[PlyCount "75"]
[EventDate "2020.06.16"]
[EventType "swiss (blitz)"]
[EventRounds "10"]
[EventCountry "USA"]
[SourceTitle "EXT 2021"]
[Source "ChessBase"]
[SourceDate "2020.10.23"]
[SourceVersion "1"]
[SourceVersionDate "2020.10.23"]
[SourceQuality "1"]

1. Nf3 d5 2. g3 c6 3. Bg2 Bg4 4. O-O e6 5. h3 Bh5 6. d4 Nf6 7. c4 Be7 8. cxd5 exd5 9. Nc3 O-O 10. Ne5 Nfd7 11. g4 Nxe5 12. dxe5 Bg6 13. f4 f5 14. exf6 $146 ({RR} 14. Be3 Kh8 15. Qb3 Qc8 16. Rad1 Na6 17. g5 Nc5 18. Bxc5 Bxc5+ 19. Kh1 Bf7 20. Qc2 Be7 21. e3 Qd7 22. Bf3 Rad8 23. Ne2 c5 24. Rd2 Qb5 25. Rfd1 d4 26. exd4 cxd4 27. Nxd4 Qa6 28. Nxf5 Bg6 {Goryachkina,A (2545)-Zhigalko,S (2572) chess.com INT 2024 0-1 (54)}) 14... Bxf6 15. e4 Qb6+ 16. Kh1 Bxc3 17. f5 Bf7 18. bxc3 dxe4 19. f6 Bc4 20. fxg7 Rxf1+ 21. Bxf1 Bxf1 22. Qxf1 Nd7 23. Bh6 Qb5 24. c4 Qe5 25. Rd1 Qf6 26. Qxf6 Nxf6 27. Rd6 Kf7 28. Bg5 Ne8 29. Rd7+ Kg8 30. Bh6 b5 31. cxb5 cxb5 32. Kg2 Nf6 33. Rb7 Re8 34. Kf2 Nd5 35. Rxb5 e3+ 36. Ke1 Nc3 37. Rf5 Rd8 38. Rf8+ 1-0

[Event "Titled Tuesday intern op 23rd June"]
[Site "Chess.com INT"]
[Date "2020.06.23"]
[Round "5"]
[White "Dragnev, Valentin"]
[Black "Keymer, Vincent"]
[Result "1-0"]
[WhiteElo "2553"]
[BlackElo "2558"]
[PlyCount "93"]
[EventDate "2020.06.23"]
[EventType "swiss (blitz)"]
[EventRounds "10"]
[EventCountry "USA"]
[SourceTitle "CBM 197 Extra"]
[Source "ChessBase"]
[SourceDate "2020.09.30"]
[SourceVersion "1"]
[SourceVersionDate "2020.09.30"]
[SourceQuality "1"]

1. e4 {ChessBase II} e6 2. d3 c5 3. Nf3 Nc6 4. g3 g6 5. Bg2 Bg7 6. O-O Nge7 7. c3 d5 8. Qe2 b6 9. e5 a5 ({RR} 9... h6 10. h4 Qc7 11. Re1 Bb7 12. Na3 a6 13. Nc2 Rc8 14. Bf4 Nf5 15. Rac1 a5 16. d4 O-O 17. Qd2 Qe7 18. Bf1 f6 ({RR} 18... cxd4 19. cxd4 Nb4 20. a3 Nxc2 21. Rxc2 Rxc2 22. Qxc2 Rc8) 19. Bh3 fxe5 20. Nxe5 Bxe5 21. Bxe5 g5 22. hxg5 Qxg5 23. Bf4 Qg6 24. Qd3 {Bologan,V (2641)-Van Wely,L (2643) Eforie Nord 2000 CBM 081 [ChessBase II] 1-0 (40)}) 10. Bf4 ({RR} 10. a4 Ba6 11. Na3 O-O 12. Bf4 h6 13. h4 Rb8 14. Qd2 Kh7 15. Rfe1 Nf5 16. Nb5 Rg8 17. Bg5 Qd7 18. g4 Nfe7 19. Bf6 Na7 20. Nxa7 Qxa7 21. Re3 Nc6 22. Ng5+ hxg5 23. Rh3 Rh8 24. hxg5+ Kg8 {Vanczak,T (2276)-Tiba,V (2337) Hungary 2018 0-1 (48)}) 10... Ba6 $146 ({RR} 10... h6 11. h4 Ba6 12. Nbd2 a4 13. a3 Qc7 14. Rfe1 b5 15. Nf1 Na5 16. N1h2 Nb3 17. Rad1 h5 18. Ng5 Rd8 19. Nhf3 Nf5 20. Bh3 b4 21. Qc2 bxa3 22. bxa3 Rb8 23. c4 dxc4 24. dxc4 O-O 25. g4 {De Kleuver,E (2190)-Scavo,F (2255) Montecatini Terme 1998 1-0 (43)}) 11. c4 b5 12. Nbd2 Qd7 13. Rac1 bxc4 14. dxc4 O-O 15. Rfd1 a4 16. b3 Rfc8 17. Ne4 Qa7 18. Nd6 Rd8 19. Ng5 Rf8 20. h4 axb3 21. axb3 h6 22. Nf3 Rab8 23. Qe3 d4 24. Qd2 Rxb3 25. Bxh6 Rxf3 26. Bxg7 Kxg7 27. Bxf3 Nxe5 28. Qe2 Nxf3+ 29. Qxf3 Qd7 30. Ne4 Qc6 31. Qf6+ Kg8 32. Re1 Nf5 33. Qe5 Rc8 34. h5 Bb7 35. hxg6 fxg6 36. g4 Ng7 37. f3 Rf8 38. Kg2 Ba8 39. Qg5 e5 40. Ra1 Rf7 41. Qxe5 Ne6 42. Rab1 Nf4+ 43. Kg3 Bb7 44. Qb8+ Kg7 45. Qe5+ Kg8 46. Rh1 Ne2+ 47. Kf2 1-0

[Event "Titled Tuesday intern op 23rd June"]
[Site "Chess.com INT"]
[Date "2020.06.23"]
[Round "5"]
[White "Martirosyan, Haik M"]
[Black "Ismagambetov, Anuar"]
[Result "1-0"]
[WhiteElo "2617"]
[BlackElo "2528"]
[PlyCount "95"]
[EventDate "2020.06.23"]
[EventType "swiss (blitz)"]
[EventRounds "10"]
[EventCountry "USA"]
[SourceTitle "CBM 197 Extra"]
[Source "ChessBase"]
[SourceDate "2020.09.30"]
[SourceVersion "1"]
[SourceVersionDate "2020.09.30"]
[SourceQuality "1"]

1. Nf3 Nf6 2. g3 g6 3. Bg2 Bg7 4. O-O O-O 5. d3 d6 6. Nbd2 e5 7. e4 h6 8. Re1 Be6 9. c3 Qd7 10. d4 exd4 11. cxd4 Bh3 12. Bh1 Nc6 $146 ({RR} 12... Re8 13. e5 dxe5 14. dxe5 Ng4 15. Ne4 Nxe5 16. Nxe5 Rxe5 17. Bxh6 Qxd1 18. Raxd1 c6 19. Bxg7 Kxg7 20. Nd6 Nd7 21. Nxb7 Rb8 22. Bxc6 Rxe1+ 23. Rxe1 Kf6 24. Bxd7 Bxd7 25. Nc5 Bc6 26. b3 Rd8 27. a4 {Frank,A (2383)-Jakovljevic,D (1928) chess.com INT 2024 1-0 (33)}) 13. b3 Rae8 14. Bb2 Nh5 15. Qc1 Kh7 16. d5 Ne5 17. Bxe5 Bxe5 18. Nxe5 Rxe5 19. Qc2 Rfe8 20. Rac1 R5e7 21. f3 Ng7 22. Qc3 f5 23. f4 Rf7 24. e5 Rfe7 25. e6 Qb5 26. Qd4 a5 27. Bg2 Bxg2 28. Kxg2 Nh5 29. a4 Qa6 30. Nc4 Rf8 31. Na3 Nf6 32. Nb5 Ne8 33. Rc2 Qa8 34. Kg1 Qd8 35. Rec1 c6 36. dxc6 bxc6 37. Rxc6 Rxe6 38. Qd2 Rf7 39. Ra6 Qf6 40. Rxa5 Rfe7 41. Nc3 Qf7 42. Rd5 Rb7 43. Nb5 Qe7 44. Nd4 Re4 45. b4 Nf6 46. Nc6 Qe6 47. Rxd6 Qf7 48. Nd8 1-0

[Event "Titled Tuesday intern op 30th June"]
[Site "Chess.com INT"]
[Date "2020.06.30"]
[Round "4"]
[White "Gumularz, Szymon"]
[Black "Korobov, Anton"]
[Result "1-0"]
[WhiteElo "2513"]
[BlackElo "2688"]
[PlyCount "63"]
[EventDate "2020.06.30"]
[EventType "swiss (blitz)"]
[EventRounds "10"]
[EventCountry "USA"]
[SourceTitle "CBM 197 Extra"]
[Source "ChessBase"]
[SourceDate "2020.09.30"]
[SourceVersion "1"]
[SourceVersionDate "2020.09.30"]
[SourceQuality "1"]

1. Nf3 d5 2. g3 g6 3. Bg2 Bg7 4. O-O Nf6 5. d3 O-O 6. Nbd2 c5 7. e4 Nc6 8. Re1 Qc7 9. c3 Rd8 10. e5 ({RR} 10. h3 e5 11. exd5 Nxd5 12. Qe2 Bf5 13. Ne4 b6 14. Kh2 h6 15. Nfd2 Be6 16. Nc4 f5 17. Ned2 Bf7 18. Nf3 Re8 19. Nh4 Rad8 20. a4 Nf4 21. gxf4 exf4 22. Qf3 Rxe1 23. Bxf4 Ne5 24. Nxe5 Rxe5 {Wynn Zaw Htun (2416)-Itgelt,K (2408) Jakarta INA 2024 0-1}) 10... Ng4 11. d4 cxd4 12. cxd4 Nb4 $146 ({RR} 12... Qb6 13. Nb3 Nh6 14. Bd2 Nb4 15. a3 Nd3 16. Ba5 Qb5 17. a4 Qc4 18. Nfd2 Bg4 19. f3 Qa6 20. Bxd8 Rxd8 21. fxg4 Nxe1 22. Qxe1 Nxg4 23. h3 Nh6 24. g4 f5 25. g5 Nf7 26. Nf3 Qb6 27. Nc5 {Anisimov,P-Rumyantsev,N (1939) Samara 2007 1-0 (34)}) 13. h3 Nh6 14. Re3 Bf5 15. Rc3 Qb6 16. Nb3 Rac8 17. Be3 Nc2 18. Rc1 Rxc3 19. bxc3 Nxe3 20. fxe3 Be4 21. Nbd2 Nf5 22. Qe1 Bh6 23. Nf1 Qb2 24. g4 Bxf3 25. Bxf3 Ng7 26. Rb1 Qxa2 27. Rxb7 Ne6 28. Rxe7 a5 29. Qf2 Qa1 30. Bxd5 Bxe3 31. Qxe3 Rxd5 32. Qf3 1-0

[Event "Titled Tuesday intern op 30th June"]
[Site "Chess.com INT"]
[Date "2020.06.30"]
[Round "4"]
[White "Nakamura, Hikaru"]
[Black "Grigoriants, Sergey"]
[Result "1-0"]
[WhiteElo "2736"]
[BlackElo "2542"]
[PlyCount "73"]
[EventDate "2020.06.30"]
[EventType "swiss (blitz)"]
[EventRounds "10"]
[EventCountry "USA"]
[SourceTitle "CBM 197 Extra"]
[Source "ChessBase"]
[SourceDate "2020.09.30"]
[SourceVersion "1"]
[SourceVersionDate "2020.09.30"]
[SourceQuality "1"]

1. Nf3 d5 2. b3 c5 3. e3 Nc6 4. Bb5 Bd7 5. Bb2 e6 6. Bxc6 Bxc6 7. O-O Nf6 8. d3 Bd6 9. Ne5 Rc8 10. Nd2 $146 ({RR} 10. f4 b5 11. Nd2 Ba8 12. a4 a6 13. axb5 axb5 14. Ndf3 h6 15. Qe1 O-O {½-½ (15) Milinkovic,N (2071)-Lindner,M (2056) Velenje 2006}) 10... O-O 11. f4 Nd7 12. Qg4 g6 13. Ndf3 Qe7 14. Ng5 f5 15. Qg3 Nxe5 16. Bxe5 Bxe5 17. fxe5 d4 18. Rae1 Kg7 19. h4 h6 20. Nh3 Kh7 21. Nf4 Rg8 22. e4 fxe4 23. dxe4 Rcf8 24. Qg4 Bd7 25. Rf3 Qg7 26. Ref1 Qxe5 27. Nd3 Qg7 28. Nxc5 Bc8 29. Qg3 e5 30. Nd3 Rxf3 31. Rxf3 Re8 32. Qf2 Re7 33. Rf8 Be6 34. Rd8 Rf7 35. Qg3 Qf6 36. Rd6 Qf1+ 37. Kh2 1-0

[Event "PNWCC Online Masters WOO"]
[Site "Chess.com INT"]
[Date "2020.07.04"]
[Round "3.2"]
[White "Xiong, Jeffery"]
[Black "Tabatabaei, Mohammad Amin"]
[Result "1-0"]
[WhiteElo "2709"]
[BlackElo "2629"]
[PlyCount "63"]
[EventDate "2020.07.04"]
[EventType "swiss (rapid)"]
[EventRounds "9"]
[EventCountry "USA"]
[SourceTitle "CBM 197 Extra"]
[Source "ChessBase"]
[SourceDate "2020.09.30"]
[SourceVersion "1"]
[SourceVersionDate "2020.09.30"]
[SourceQuality "1"]

1. Nf3 d5 2. b3 Bf5 3. Bb2 e6 4. g3 h6 5. Bg2 Nf6 6. O-O Be7 7. d3 O-O 8. Nbd2 Bh7 9. Qe1 a5 10. a3 Na6 11. e4 c6 12. Qe3 ({RR} 12. Qe2 Qc7 13. Kh1 Rad8 14. e5 Nd7 15. Ne1 c5 16. f4 a4 17. g4 axb3 18. cxb3 Kh8 19. f5 f6 20. exf6 Bxf6 21. Bxf6 Nxf6 22. fxe6 Rfe8 23. g5 hxg5 24. Nef3 g4 25. Ng5 Bg6 26. Rae1 Qe7 {Smejkal,J (2635)-Movsesian,S (2500) Pribram 1996 ½-½ (33)}) ({RR} 12. Qe2 b5 13. a4 Nb4 14. e5 Nd7 15. Nd4 bxa4 16. Nxc6 Nxc6 17. Rxa4 Nb4 18. Nf3 Nc5 19. Raa1 Rc8 20. Nd4 Nxc2 21. Qxc2 Bxd3 22. Qd1 Bxf1 23. Bxf1 Qb6 24. Bc3 Nxb3 25. Nxb3 Rxc3 26. Nxa5 Bc5 {Fudalej,M (2188)-Wadsworth,M (2450) chess.com INT 2024 0-1}) 12... Nd7 $146 ({RR} 12... Bc5 13. Qe2 Rc8 14. Kh1 Re8 15. h3 Nd7 16. Nh2 f5 17. f4 Be7 18. g4 Bf6 19. e5 Be7 20. Rg1 Kh8 21. Ndf3 g6 22. gxf5 gxf5 23. Nd4 Bf8 24. Qh5 Qe7 25. Bc3 Bg8 26. Qe2 Bf7 27. Be1 {Harutjunyan,G (2468)-Lorparizangeneh,S (2044) Esfahan 2011 1-0 (42)}) ({RR} 12... Ng4 13. Qe2 Nf6 14. Ne5 Nd7 15. Nxd7 Qxd7 16. f4 Rfd8 17. Kh1 dxe4 18. Nxe4 Nc5 19. Nxc5 Bxc5 20. Bxg7 Bxa3 21. Bxh6 Bb2 22. Ra4 Bf6 23. Qg4+ Kh8 24. Bg5 Qe7 25. Rfa1 Bxg5 26. fxg5 b6 27. b4 {Xiong,J (2659)-Boyer,M (2427) chess.com INT 2023 1-0 (31)}) 13. Rad1 Bc5 14. d4 Ba7 15. c4 Re8 16. Rfe1 Nc7 17. Qc3 Nf6 18. Ne5 Nd7 19. Nd3 b5 20. Rc1 dxc4 21. bxc4 e5 22. Nf3 exd4 23. Nxd4 Bxd4 24. Qxd4 Ne6 25. Qc3 Qe7 26. c5 Red8 27. f4 Nb8 28. f5 Nd4 29. Nf4 b4 30. axb4 axb4 31. Qxb4 Na6 32. Qc4 1-0

[Event "Titled Tuesday intern op 7th July"]
[Site "Chess.com INT"]
[Date "2020.07.07"]
[Round "2"]
[White "Krysa, Leandro Sergio"]
[Black "Andreikin, Dmitry"]
[Result "1-0"]
[WhiteElo "2531"]
[BlackElo "2726"]
[PlyCount "97"]
[EventDate "2020.07.07"]
[EventType "swiss (blitz)"]
[EventRounds "10"]
[EventCountry "USA"]
[SourceTitle "CBM 197 Extra"]
[Source "ChessBase"]
[SourceDate "2020.09.30"]
[SourceVersion "1"]
[SourceVersionDate "2020.09.30"]
[SourceQuality "1"]

1. Nf3 Nf6 2. g3 d5 3. Bg2 c6 4. O-O h6 5. c4 dxc4 ({RR} 5... Bf5 6. cxd5 cxd5 7. Qb3 Qb6 8. Qxb6 axb6 9. Nc3 e6 10. Nb5 Ra5 11. a4 Nc6 12. d3 Kd7 13. Bf4 Be7 14. Rfc1 Rc8 15. Ne5+ Nxe5 16. Rxc8 Kxc8 17. Bxe5 Kd7 18. b3 Ra8 19. Rc1 Rc8 20. Rxc8 {Krysa,L (2476)-Rosito,J (2356) Mar del Plata 2016 1-0 (42)}) 6. a4 ({RR} 6. Qc2 b5 7. a4 Bb7 8. b3 cxb3 9. Qxb3 a6 10. Ne5 e6 11. axb5 axb5 12. Rxa8 Bxa8 13. Nc3 Bd6 14. d4 b4 15. Na4 O-O 16. Bb2 Nfd7 17. Rd1 Bxe5 18. dxe5 Qa5 19. Bd4 Rc8 20. Nb2 c5 {Lobron,E (2509)-Anand,V (2781) Tallinn 2004 0-1}) 6... Be6 7. Na3 Bd5 $146 ({RR} 7... Qb6 8. Qc2 Qb3 9. Nd4 Qxc2 10. Ndxc2 Nbd7 11. Ne3 Nc5 12. Naxc4 Nd5 13. Na5 Nxe3 14. fxe3 Nb3 15. Nxb3 Bxb3 16. Ra3 Be6 17. b4 Bd7 18. Bb2 e6 19. Rb3 f6 20. b5 cxb5 21. axb5 e5 22. Bxb7 {Suder,R (2179)-Stachanczyk,J (2250) Mielno 2010 ½-½ (43)}) ({RR} 7... g6 8. Qc2 Qd5 9. Nh4 Qd4 10. Nf3 Qd5 11. Nh4 Qd4 12. Nf3 Qg4 13. h3 Qf5 14. Qxf5 Bxf5 15. Nxc4 Bg7 16. d3 O-O 17. Bd2 Be6 18. Rfc1 Bd5 19. Rab1 Rc8 20. Bb4 c5 21. Ba3 Nbd7 22. Ne3 {Yildiz,E (2204)-Bogdanov,A (2373) Vrnjacka Banja SRB 2025 ½-½ (53)}) 8. Qc2 Na6 9. Nxc4 Nb4 10. Qb3 e6 11. a5 Be7 12. d3 O-O 13. Bd2 c5 14. Bxb4 cxb4 15. Rfc1 Rc8 16. Nfd2 Bc5 17. Qd1 Bxf2+ 18. Kxf2 Ng4+ 19. Kg1 Bxc4 20. Rxc4 Rxc4 21. Nxc4 Qd4+ 22. e3 Nxe3 23. Nxe3 Qxe3+ 24. Kh1 Rd8 25. Qe1 Qxd3 26. Qxb4 Qc2 27. h4 Rd2 28. Qxb7 Qxb2 29. Qxb2 Rxb2 30. a6 g5 31. hxg5 hxg5 32. Rc1 Ra2 33. Bf1 e5 34. Rc7 e4 35. Rxa7 e3 36. Re7 Ra3 37. g4 Kg7 38. Kg2 Kf6 39. Re8 Ra4 40. Be2 Kg6 41. Kf3 f5 42. Re6+ Kf7 43. gxf5 Rf4+ 44. Kxe3 Rxf5 45. Rb6 Ra5 46. Rb7+ Ke6 47. Rb6+ Ke5 48. Rb5+ Rxb5 49. Bxb5 1-0

[Event "Titled Tuesday intern op 7th July"]
[Site "Chess.com INT"]
[Date "2020.07.07"]
[Round "3"]
[White "Amin, Bassem"]
[Black "Krysa, Leandro Sergio"]
[Result "1-0"]
[WhiteElo "2686"]
[BlackElo "2531"]
[PlyCount "105"]
[EventDate "2020.07.07"]
[EventType "swiss (blitz)"]
[EventRounds "10"]
[EventCountry "USA"]
[SourceTitle "CBM 197 Extra"]
[Source "ChessBase"]
[SourceDate "2020.09.30"]
[SourceVersion "1"]
[SourceVersionDate "2020.09.30"]
[SourceQuality "1"]

1. e4 c5 2. Nf3 Nc6 3. g3 g6 4. Bg2 Bg7 5. O-O e5 6. c3 Nge7 7. a3 O-O 8. d3 d6 9. b4 b6 10. Nbd2 h6 11. Bb2 Be6 12. Nc4 Qd7 13. b5 Nd8 14. a4 f5 $146 ({RR} 14... Bxc4 15. dxc4 Nb7 16. Qe2 Rad8 17. Ne1 Kh7 18. Nc2 Na5 19. Ne3 h5 20. Rad1 Bh6 21. f4 exf4 22. gxf4 f5 23. e5 Qe6 24. Bd5 Qd7 25. e6 Qc8 26. Kh1 Rf6 27. Qf2 Rdf8 28. Qf3 Rg8 29. Rg1 {Amin,B (2281)-Martos Exposito,M (2139) Linares 2003 1-0 (55)}) 15. exf5 Bxf5 16. Nfxe5 dxe5 17. Bxa8 Qxd3 18. Ne3 Ne6 19. Bg2 Kh7 20. Nxf5 Qxf5 21. Qe2 Ng5 22. Rad1 e4 23. h4 Nf3+ 24. Kh1 g5 25. Bxf3 exf3 26. Qd3 gxh4 27. g4 Qxd3 28. Rxd3 Ng6 29. Rd7 Ne5 30. Rxg7+ Kxg7 31. c4 Rd8 32. Bxe5+ Kg6 33. Kh2 Rd2 34. Kh3 Kg5 35. Bb8 Ra2 36. Bxa7 Rxa4 37. Bxb6 Rxc4 38. Bd8+ Kf4 39. b6 Rb4 40. Kxh4 c4 41. Bc7+ Ke4 42. Kh5 c3 43. Kxh6 Kd3 44. g5 c2 45. Rc1 Rb1 46. Rxc2 Kxc2 47. g6 Rh1+ 48. Kg5 Rg1+ 49. Kf6 Rg2 50. b7 Rxf2 51. b8=Q Re2 52. Bb6 f2 53. Qc7+ 1-0

[Event "Titled Tuesday intern op 7th July"]
[Site "Chess.com INT"]
[Date "2020.07.07"]
[Round "3"]
[White "Grischuk, Alexander"]
[Black "Kobalia, Mihail"]
[Result "1-0"]
[WhiteElo "2777"]
[BlackElo "2614"]
[PlyCount "135"]
[EventDate "2020.07.07"]
[EventType "swiss (blitz)"]
[EventRounds "10"]
[EventCountry "USA"]
[SourceTitle "CBM 197 Extra"]
[Source "ChessBase"]
[SourceDate "2020.09.30"]
[SourceVersion "1"]
[SourceVersionDate "2020.09.30"]
[SourceQuality "1"]

1. Nf3 d5 2. d3 Nf6 3. g3 Bg4 4. Nbd2 Nbd7 5. h3 Bh5 6. g4 Bg6 7. Nh4 e5 8. e3 Bd6 9. Bg2 c6 10. Qe2 $146 ({RR} 10. a3 Qe7 11. b3 a5 12. Bb2 O-O 13. Qe2 Ne8 14. Nxg6 fxg6 15. h4 Nc7 16. g5 Rf7 17. Bh3 Raf8 18. O-O h6 19. Qg4 hxg5 20. Qxg5 Rf6 21. Qg2 R6f7 22. Qg5 Rf6 23. Rae1 Ne6 24. Qg2 Bxa3 {Nakamura,H (2790)-Holt,C (2550) Chess.com INT 2016 1-0 (57)}) 10... O-O 11. O-O a5 12. c4 Nc5 13. Nxg6 hxg6 14. g5 Nh5 15. cxd5 Qxg5 16. dxc6 bxc6 17. Qg4 Qe7 18. Qc4 Rad8 19. Nb3 Nxb3 20. Qxb3 Bc7 21. Rd1 Nf6 22. Bd2 e4 23. Be1 Qe5 24. Kf1 exd3 25. Rxd3 a4 26. Qc3 Qb5 27. Rad1 Rxd3 28. Qxd3 Qxb2 29. Qc4 Qb5 30. Qxb5 cxb5 31. Bc6 Rb8 32. Rb1 a3 33. Bb4 Rb6 34. Rc1 Be5 35. Ke2 g5 36. Rc2 Bb2 37. Rc5 g4 38. hxg4 Nxg4 39. Bxb5 g6 40. Ba5 Rb8 41. Bc4 Kg7 42. Bd5 Nf6 43. Bc4 Nd7 44. Rc7 Ne5 45. Bd2 Nxc4 46. Rxc4 Kf6 47. f4 Ke6 48. Ra4 Rb7 49. Bb4 f5 50. Bxa3 Bxa3 51. Rxa3 Rb2+ 52. Kd3 Rb1 53. Ra6+ Kf7 54. a4 Rd1+ 55. Kc4 Re1 56. Kd3 Rd1+ 57. Kc2 Re1 58. Kd2 Ra1 59. a5 Ra3 60. Ke2 Kg7 61. Kf3 Kf7 62. Ra8 Kg7 63. a6 Kh7 64. Ke2 Kg7 65. Kd2 Kh7 66. Kc2 Rxe3 67. Kb2 Re2+ 68. Kb3 1-0

[Event "Titled Tuesday intern op 7th July"]
[Site "Chess.com INT"]
[Date "2020.07.07"]
[Round "7"]
[White "Nakamura, Hikaru"]
[Black "Keymer, Vincent"]
[Result "1-0"]
[WhiteElo "2736"]
[BlackElo "2558"]
[PlyCount "101"]
[EventDate "2020.07.07"]
[EventType "swiss (blitz)"]
[EventRounds "10"]
[EventCountry "USA"]
[SourceTitle "CBM 197 Extra"]
[Source "ChessBase"]
[SourceDate "2020.09.30"]
[SourceVersion "1"]
[SourceVersionDate "2020.09.30"]
[SourceQuality "1"]

1. Nf3 d5 2. b3 Nf6 3. Bb2 c6 4. g3 Bg4 ({RR} 4... Bf5 5. Nh4 Be4 6. f3 Bg6 7. Nxg6 hxg6 8. Bg2 Nbd7 9. e4 e5 10. Qe2 Bd6 11. d3 Qe7 12. a3 a5 13. Nd2 g5 14. Nf1 Nc5 15. Ne3 g6 16. exd5 cxd5 17. d4 exd4 18. Bxd4 Ne6 19. Bb2 {Moussard,J (2567)-Dreev,A (2652) Bastia 2017 0-1 (68)}) 5. h3 ({RR} 5. Ne5 Bh5 6. Bg2 e6 7. O-O Nbd7 8. c4 Bd6 9. Nxd7 Qxd7 10. d3 O-O 11. Nd2 e5 12. Qe1 Rfe8 13. e4 Bb4 14. exd5 cxd5 15. cxd5 Nxd5 16. Qe4 Bxd2 17. Qxd5 Rad8 18. Qxb7 Qxd3 19. Qxa7 Be2 {Kandil,A (2289)-Siegel,N (2228) chess.com INT 2025 0-1 (45)}) 5... Bh5 6. d3 $146 ({RR} 6. Bg2 h6 7. O-O e6 8. d3 Bd6 9. Nbd2 O-O 10. e4 dxe4 11. Bxf6 Qxf6 12. Nxe4 Qe7 13. Nxd6 Qxd6 14. Qd2 Nd7 15. Rfe1 Rad8 16. Qc3 Nf6 17. Nd2 Bg6 18. Qa5 a6 19. Nc4 Qb8 20. Ne5 Bh7 {Zugic,M-Cosic,N (1813) Belgrade 2008 1-0 (31)}) 6... Nbd7 7. g4 Bg6 8. Nh4 e5 9. Nd2 Bd6 10. e3 Nc5 11. Nxg6 hxg6 12. Bg2 Ne6 13. a3 a5 14. Qe2 Qe7 15. h4 Nd7 16. g5 f5 17. gxf6 gxf6 18. c4 Nc7 19. Kd1 O-O-O 20. Kc2 f5 21. h5 gxh5 22. Rxh5 Rxh5 23. Qxh5 e4 24. d4 Qf6 25. Bh3 Rh8 26. Qxf5 Qxf5 27. Bxf5 Rf8 28. Bxd7+ Kxd7 29. Rf1 b5 30. f3 exf3 31. c5 Bg3 32. Rxf3 Rxf3 33. Nxf3 Ke6 34. Bc3 a4 35. Ba5 axb3+ 36. Kxb3 Ne8 37. Kc2 Nf6 38. Be1 Bc7 39. Kd3 Ne4 40. Nh4 Kf6 41. Ng2 Kf5 42. Bh4 Ke6 43. Ne1 Kf5 44. Nc2 Ba5 45. Be1 Bxe1 46. Nxe1 Nf2+ 47. Ke2 Ng4 48. Nf3 Ke4 49. Nd2+ Kf5 50. Nf1 Ke4 51. Ng3# 1-0

[Event "Titled Tuesday intern op 14th July"]
[Site "Chess.com INT"]
[Date "2020.07.14"]
[Round "2"]
[White "Nakamura, Hikaru"]
[Black "Zablotsky, Sergei"]
[Result "1-0"]
[WhiteElo "2736"]
[BlackElo "2511"]
[PlyCount "115"]
[EventDate "2020.07.14"]
[EventType "swiss (blitz)"]
[EventRounds "10"]
[EventCountry "USA"]
[SourceTitle "CBM 197 Extra"]
[Source "ChessBase"]
[SourceDate "2020.09.30"]
[SourceVersion "1"]
[SourceVersionDate "2020.09.30"]
[SourceQuality "1"]

1. Nf3 d5 2. e3 e6 3. b3 Nc6 $146 ({RR} 3... Be7 4. Bb2 Bf6 5. d4 Ne7 6. Bd3 b6 7. Qe2 a5 8. Nbd2 Na6 9. a3 O-O 10. O-O c6 11. Ne5 Bxe5 12. dxe5 Nc5 13. Rfd1 Nxd3 14. cxd3 Ba6 15. Rac1 Rc8 16. Nf3 Ng6 17. g3 Qd7 18. h4 {Schmidt,W-Trifunovic,D Bad Woerishofen 1991 ½-½}) ({RR} 3... Be7 4. Bb2 Bf6 5. d4 c5 6. c4 Nc6 7. cxd5 exd5 8. Qd2 cxd4 9. Nxd4 Nge7 10. Be2 O-O 11. O-O Nf5 12. Nxf5 Bxf5 13. Rd1 d4 14. Bxd4 Nxd4 15. exd4 Qb6 16. Na3 Rad8 17. Qf4 g6 18. Nc4 {Prohaszka,P (2568)-Berkes,F (2680) Budapest 2021 ½-½ (33)}) ({RR} 3... a5 4. a4 Nc6 5. Bb2 Nf6 6. Bb5 Bd7 7. Bxc6 Bxc6 8. Ne5 Bd6 9. f4 Nd7 10. Nd3 Qe7 11. Na3 e5 12. Qg4 exf4 13. Nxf4 Be5 14. Bxe5 Nxe5 15. Qxg7 O-O-O 16. O-O Rdg8 17. Qh6 d4 18. exd4 {Ajay,K (2386)-Bournel,A (2423) chess.com INT 2025 0-1 (55)}) ({RR} 3... f5 4. Bb2 Nf6 5. d3 Bd6 6. Nbd2 O-O 7. g3 c6 8. Bg2 Nbd7 9. c4 Qe7 10. O-O Nc5 11. Qc2 e5 12. d4 exd4 13. Nxd4 Nce4 14. cxd5 cxd5 15. Nb5 Bb8 16. Ba3 Nd6 17. Rfd1 a6 18. Nxd6 {Nakamura,H (2736)-Shubenkova,V (1762) Chess.com INT 2021 1-0 (65)}) 4. Bb2 Nf6 5. d4 Bb4+ 6. c3 Ba5 7. a3 O-O 8. Be2 Ng4 9. h3 Nf6 10. O-O Ne7 11. c4 c6 12. Nbd2 Ne4 13. Bd3 f5 14. Rc1 Ng6 15. cxd5 Bxd2 16. Nxd2 exd5 17. Nf3 f4 18. Re1 fxe3 19. Rxe3 Nf4 20. Bxe4 dxe4 21. Rxe4 Nxh3+ 22. gxh3 Qf6 23. Rc3 Qg6+ 24. Ng5 Bf5 25. Re2 h6 26. Rg3 hxg5 27. Bc1 Rae8 28. Rxg5 Qf7 29. d5 Bg6 30. Bb2 cxd5 31. Rd2 Re4 32. Rg3 Bh5 33. Qxh5 Re1+ 34. Kh2 d4 35. Qxf7+ Rxf7 36. Bxd4 a6 37. Be3 Ra1 38. a4 b5 39. axb5 axb5 40. Rd8+ Kh7 41. Rd5 Rb7 42. Rh5+ Kg8 43. Rgg5 Rb1 44. Rxb5 Rxb3 45. Rxb7 Rxb7 46. Rg5 Kf7 47. Kg3 Rb1 48. h4 g6 49. h5 gxh5 50. Rxh5 Ra1 51. Kf4 Ra8 52. Bd4 Kg6 53. Rg5+ Kh6 54. Bg7+ Kh7 55. Be5 Ra2 56. f3 Ra7 57. Kf5 Rf7+ 58. Bf6 1-0

[Event "Leon blitz op 33rd final"]
[Site "Chess.com INT"]
[Date "2020.07.15"]
[Round "2.5"]
[White "Chigaev, Maksim"]
[Black "Korobov, Anton"]
[Result "1-0"]
[WhiteElo "2588"]
[BlackElo "2688"]
[PlyCount "97"]
[EventDate "2020.07.15"]
[EventType "k.o. (blitz)"]
[EventRounds "3"]
[EventCountry "ESP"]
[SourceTitle "CBM 197 Extra"]
[Source "ChessBase"]
[SourceDate "2020.09.30"]
[SourceVersion "1"]
[SourceVersionDate "2020.09.30"]
[SourceQuality "1"]

1. e4 c5 2. Nf3 d6 3. c3 Nf6 4. g3 Nc6 5. d3 g6 6. Bg2 Bg7 7. O-O O-O 8. Re1 e5 9. a4 a6 10. Nbd2 Rb8 11. Nc4 b5 12. axb5 axb5 13. Ne3 h6 14. Nd2 $146 ({RR} 14. h4 Be6 15. d4 exd4 16. cxd4 Bg4 17. Nxg4 Nxg4 18. Bf4 cxd4 19. Ra6 Qd7 20. Bh3 h5 21. e5 dxe5 22. Nxe5 Ncxe5 23. Bxe5 Bxe5 24. Bxg4 Qxg4 25. Qxg4 hxg4 26. Rxe5 Rfd8 27. Ra1 d3 28. Rd1 Rd4 {Duncan,J (2052)-Milman,L (2356) Philadelphia 2003 0-1 (42)}) 14... h5 15. Nd5 Nxd5 16. exd5 Ne7 17. c4 Bg4 18. f3 Bd7 19. Ne4 bxc4 20. dxc4 Nf5 21. Ra7 Bc8 22. Bg5 Qb6 23. Ra2 f6 24. Bd2 Nd4 25. Ba5 Qb3 26. Qxb3 Rxb3 27. Nxd6 Nxf3+ 28. Bxf3 Rxf3 29. Nxc8 Rxc8 30. Bc3 Rd3 31. Kf2 Bh6 32. Ra6 Kf7 33. Rf1 f5 34. Bxe5 Rd2+ 35. Kg1 Be3+ 36. Kh1 Bd4 37. Ra7+ Kf8 38. Bf4 Rxb2 39. d6 Rd8 40. Bg5 Rbb8 41. Re1 Kg8 42. Bxd8 Rxd8 43. Re6 Rb8 44. Rxg6+ Kf8 45. d7 Rd8 46. Rg5 Ke7 47. Rxf5 h4 48. gxh4 Rg8 49. d8=Q+ 1-0